000
00230 a2200109 4500
001
9213
082
_a
621.75 BUR
090
_c
7384
_d
7384
100
_a
Burghardt, H.D.
245
_a
Machine tool operation: Part-I
260
_b
Mc graw-Hill
942
_a
NUST-CAE
999
_c
244286
_d
244286